000 00764pam a2200253 a 4500
001 1561
003 BD-RjUL
005 20211208233347.0
008 121208r19951983enk b 001 0 eng
020 _a0582644437
035 _a(BD-RjUL)1586
040 _aDLC
_cBD-RjUL
_dDLC
_dOCoLC
_beng
041 _aeng
082 0 0 _a307.14
_219
_bCHR 1995
100 1 _aChambers, Robert,
_d1932-
_95159
245 1 0 _aRural development :
_bputting the last first /
_cRobert Chambers.
260 _aLondon ;
_aNew York :
_bLongman,
_cc1983[Reprinted1995].
300 _a[10], 246 p. ;
_c21 cm.
500 _aIncludes index.
504 _aBibliography: p. 219-235.
650 0 _aRural poor
_zDeveloping countries.
_95160
650 0 _aRural development.
_95161
942 _2ddc
_cBK
_03
999 _c1561
_d1561